Give litigation a break (Record no. 64958)
[ view plain ]
| 000 -LEADER | |
|---|---|
| fixed length control field | 01020cam a2200205 4500 |
| 001 - CONTROL NUMBER | |
| control field | ABS63038 |
| 008 - FIXED-LENGTH DATA ELEMENTS--GENERAL INFORMATION | |
| fixed length control field | 000000n2000 000 0 eng u |
| 035 ## - SYSTEM CONTROL NUMBER | |
| System control number | (Sirsi) u108809 |
| 100 ## - MAIN ENTRY--PERSONAL NAME | |
| Personal name | Metliss, M. |
| 245 ## - TITLE STATEMENT | |
| Title | Give litigation a break |
| 260 ## - PUBLICATION, DISTRIBUTION, ETC. | |
| Date of publication, distribution, etc. | 2000 |
| 490 ## - SERIES STATEMENT | |
| Series statement | Estates Gazette |
| Volume/sequential designation | (0038) 23 September 2000, 193(1) |
| 520 ## - SUMMARY, ETC. | |
| Summary, etc. | Details the conclusions drawn from a recent client needs survey conducted for the property division of SJ Berwin & Co. Among the key findings were that clients expect definitive answers to questions of litigation, and they do not want to be given unrealistic expectations of winning. Reflecting another concern of clients' presents five break-clause questions for readers to determine. Suggests that questions concerning break clauses are not necessarily complex but the answers are not always straightforward. |
| 590 ## - LOCAL NOTE (RLIN) | |
| Local note | ABS |
| 650 ## - SUBJECT ADDED ENTRY--TOPICAL TERM | |
| Topical term or geographic name entry element | LITIGATION |
| 650 ## - SUBJECT ADDED ENTRY--TOPICAL TERM | |
| Topical term or geographic name entry element | BREAK CLAUSES |
| 650 ## - SUBJECT ADDED ENTRY--TOPICAL TERM | |
| Topical term or geographic name entry element | COMMERCIAL LEASES |
| 690 ## - LOCAL SUBJECT ADDED ENTRY--TOPICAL TERM (OCLC, RLIN) | |
| Topical term or geographic name as entry element | PROPERTY-LANDLORD AND TENANT |
| 942 ## - ADDED ENTRY ELEMENTS (KOHA) | |
| Suppress in OPAC | 0 |
| Withdrawn status | Lost status | Source of classification or shelving scheme | Damaged status | Not for loan | Home library | Current library | Shelving location | Date acquired | Total Checkouts | Full call number | Barcode | Date last seen | Copy number | Price effective from | Koha item type |
|---|---|---|---|---|---|---|---|---|---|---|---|---|---|---|---|
| Dewey Decimal Classification | London | London | Journal article | 17/10/2000 | ABS63038 | 108809-1001 | 06/08/2019 | 1 | 06/08/2019 | Journal article |